000 00749nam a2200229 a 4500
001 BRCA_2629
005 20190320203910.0
008 011208s1911----us-a---###---#000-0#eng-#
050 4 _aNK4320.M5
_b.B27 1911
100 1 _aBarber, Edwin Atlee
_d1851-1916
_97296
245 1 0 _aCatalogue of Mexican maiolica belonging to Mrs. Robert W. de Forest
_cEdwin A. Barber.
260 _aNew York
_bHispanic Society of America
_c1911
300 _a151 p.
_bil., láminas
_c21 cm.
500 _aA113
650 1 4 _aColeccionistas y colecciones
_97486
650 1 4 _aMayólica
_97298
650 1 4 _aCerámica mexicana
_97487
650 1 4 _aCerámica
_eColecciones particulares
_91200
700 1 _aForest, Mrs. Robert W. de
_97488
902 _aGFM
942 _2lcc
_cB
999 _c2369
_d2369